000 00223nam a2200085Ia 4500
245 0 _aSHELL BOOK OF FIRSTS
100 _a ROBERTSON, P. London, 1974
_9104268
942 _cBK
008 210818s9999 xx 000 0 und d
999 _c470222
_d470221